banner-ar

رؤية لتغيير امريكا : (Record no. 66358)

MARC details
000 -الفاتح
حقل البيانات ثابتة الطول 00907nam a2200229Ia 4500
005 - وقت وتاريخ اخر تعامل مع التسجيلة
رقم الضبط 20240530110914.0
008 - عناصر البيانات ثابتة الطول - معلومات عامة
حقل البيانات ثابتة الطول 140319s9999 xx 000 0 ara d
040 ## - مصدر الفهرسة
وكالة الفهرسة الأصلية GCL /
وكالة النسخ GCL
082 04 - رقم تصنيف ديوى العشرى
رقم التصنيف 320.973
رقم المادة ك ر
100 1# - المدخل الرئيسى - إسم شخصى
الإسم الشخصى كلينتون ، بيل
245 10 - بيان العنوان
العنوان رؤية لتغيير امريكا :
بقية العنوان الاهتمام بالناس اولا /
بيان المسئوليه,etc بيل كلينتون ، ال جور
300 ## - الوصف المادى
التعداد 243 ص
490 ## - بيان السلسلة
عنوان السلسلة الهيئة العامة للاستعلامات
رقم المجلد/ التعيين التسلسلي 0
650 04 - المدخل الاضافى بالموضوع-مصطلح موضوعى
مصطلح موضوعي الولايات المتحدة الامريكية
650 04 - المدخل الاضافى بالموضوع-مصطلح موضوعى
مصطلح موضوعي الولايات المتحدة الامريكية - الثقافة
650 04 - المدخل الاضافى بالموضوع-مصطلح موضوعى
مصطلح موضوعي الحملات الانتخابية
650 04 - المدخل الاضافى بالموضوع-مصطلح موضوعى
مصطلح موضوعي الجريمة - الولايات المتحدة
650 04 - المدخل الاضافى بالموضوع-مصطلح موضوعى
مصطلح موضوعي الولايات المتحدة الامريكية - الاحوال الاجتماعية
700 1# - المدخل الاضافى - اسم شخصى
الإسم الشخصى جور، آل
942 ## - عناصر المدخل الإضافي( كوها)
مصدر التصنيف او مخطط الترفيف Dewey Decimal Classification
Koha [default] item type كتاب
Holdings
حالة التراجع حالة الفقد مصدر التصنيف او خطة الترفيف حالة تلف ليس للاعارة المكان المؤقت الموقع الحالى تاريخ الاكتساب اجمالي اﻻعارات رقم الطلب الباركود تاريخ اخر مشاهدة تاريخ تفعيل السعر نوع وعاء كوها
    ddc     مكتبة القاهرة الكبرى مكتبة القاهرة الكبرى 04/05/2022   320.973\ك ر 167756 04/05/2022 04/05/2022 كتاب
    ddc     مكتبة القاهرة الكبرى مكتبة القاهرة الكبرى 06/05/2022   320.973\ك ر 168020 06/05/2022 06/05/2022 كتاب

Powered By

EGPV